00230nam a2200097Ia 4500008004100000082001600041100001700057245002700074260001800101600001300119241002s9999 xx 000 0 und d a248.463 BUN aBunyan, John 4aThe Pilgrim's Progress aLondon:c1953 aReligion